Normal view
MARC view
- Industries -- Security measures.
Entry Topical Term
001 - CONTROL NUMBER
- control field: 43989
003 - CONTROL NUMBER IDENTIFIER
- control field: OSt
005 - DATE AND TIME OF LATEST TRANSACTION
- control field: 20220221150637.0
008 - FIXED-LENGTH DATA ELEMENTS
- fixed length control field: 220221|| aca||aabn | a|a d
040 ## - CATALOGING SOURCE
- Original cataloging agency: OSt
- Transcribing agency: OSt
150 ## - HEADING--TOPICAL TERM
- Topical term or geographic name entry element: Industries -- Security measures.
670 ## - SOURCE DATA FOUND
- Source citation: Work cat.: (OSt): Bobier, Dino B., author 43988, Introduction to industrial security concepts/, ©2022.
